000 00631nam a2200193 i 4500
001 185017
003 ES-MaACL
005 20250801095122.0
008 160307s1875 fr |||| | fre d
100 1 _aUjfalvy de Mezö-Kövesd, Ch.-E.
_9158978
245 1 1 _a[Étude comparée des langues Ougro-finnoises.
_nI /
_cCh. E. de Ujfalvy].
260 _a[ Paris :
_bErnest Lerou,
_c1875]
300 _a106 p. ;
_c26 cm.
590 0 _aEjemplar sin portada, datos tomados de la B. N.
650 0 7 _aLiteratura húngara
_2embne
_914616
650 4 _aLengua finesa.
_9158979
852 _aES-MaACL
_jT-329-F-3
999 _c185017
_d185017